00962nam a2200217 a 4500001001000000003000500010005001700015008004100032010001100073011001100084040000900095100003100104245018400135260004100319500006000360502014600420650002500566650003600591650004700627856007000674000110914CHAP20220329144150.0141021s2014 mx a |sm |||||||spa d a107376 a108348 cCHAP1 aGonzález Leiva, Fernando10aPronóstico de caudales a corto plazo implementado el filtro de kalman en dos cuencas hidrográficas del centro y golfo de Méxicoh[En línea]cpor Fernando González Leiva. aChapingo, Méx. :bEl autor,c2014. aPara ver el contenido del material haga clic en la liga aTesis (Mtro. en Ingeniería Agrícola y Uso Integral del Agua) -- UACH. [Departamento de Ingeniería Mecánica Agrícola e Irrigación]14aControl de avenidas.14aCorrientes de aguaxMedición.14aDesastres naturalesxMedidas de seguridad. aFinding aiduhttp://10.13.5.2/tesis/sist110914.pdfzTeclea aquí